[Event "TIPC 2019 Groupe A"]
[Site ""]
[Date "2019.07.28"]
[Round "2.6"]
[White "Werner, Ivan"]
[Black "Maerevoet, Sim"]
[Result "0-1"]
[BlackTitle "FM"]
[WhiteElo "2129"]
[BlackElo "2321"]

1. e4 {[%clk 01:24:04]} {[%emt 00:06:55]} c5 {[%clk 01:30:41]} {[%emt
00:00:19]} 2. Nf3 {[%clk 01:24:30]} {[%emt 00:00:04]} d6 {[%clk 01:31:03]}
{[%emt 00:00:08]} 3. Bb5+ {[%clk 01:24:39]} {[%emt 00:00:22]} Nd7 {[%clk
01:31:09]} {[%emt 00:00:23]} 4. O-O {[%clk 01:24:58]} {[%emt 00:00:12]} a6
{[%clk 01:31:12]} {[%emt 00:00:24]} 5. Bxd7+ {[%clk 01:25:18]} {[%emt
00:00:12]} Bxd7 {[%clk 01:31:26]} {[%emt 00:00:15]} 6. d4 {[%clk 01:25:26]}
{[%emt 00:00:23]} cxd4 {[%clk 01:31:45]} {[%emt 00:00:11]} 7. Qxd4 {[%clk
01:25:42]} {[%emt 00:00:14]} e5 {[%clk 01:26:14]} {[%emt 00:06:01]} 8. Qd3
{[%clk 01:26:07]} {[%emt 00:00:05]} Rc8 {[%clk 01:26:10]} {[%emt 00:00:33]} 9.
Rd1 {[%clk 01:24:36]} {[%emt 00:02:01]} h6 {[%clk 01:23:58]} {[%emt 00:10:24]}
10. a4 {[%clk 01:09:26]} {[%emt 01:22:48]} Qc7 {[%clk 01:20:52]} 11. Nc3 {[%clk
01:09:40]} Nf6 {[%clk 01:19:23]} 12. Be3 {[%clk 01:09:22]} Be7 {[%clk
01:18:09]} 13. h3 {[%clk 01:06:08]} O-O {[%clk 01:12:09]} 14. g4 {[%clk
00:51:00]} Be6 {[%clk 01:02:43]} 15. g5 {[%clk 00:42:07]} hxg5 {[%clk
01:02:10]} 16. Bxg5 {[%clk 00:42:23]} Rfd8 {[%clk 00:52:26]} 17. Ne1 {[%clk
00:36:31]} Nh5 {[%clk 00:45:32]} {[%emt 00:04:01]} 18. Qf3 {[%clk 00:29:05]}
{[%emt 00:07:56]} g6 {[%clk 00:35:00]} {[%emt 00:11:02]} 19. Be3 {[%clk
00:28:22]} {[%emt 00:01:13]} Kg7 {[%clk 00:34:23]} {[%emt 00:01:06]} 20. Nd5
{[%clk 00:19:26]} {[%emt 00:09:27]} Bxd5 {[%clk 00:34:41]} {[%emt 00:00:12]} 21.
exd5 {[%clk 00:19:06]} {[%emt 00:00:51]} Qd7 {[%clk 00:30:13]} {[%emt
00:04:57]} 22. b3 {[%clk 00:14:58]} {[%emt 00:04:38]} Rh8 {[%clk 00:27:37]}
{[%emt 00:03:06]} 23. c4 {[%clk 00:14:28]} {[%emt 00:01:00]} Nf6 {[%clk
00:26:59]} {[%emt 00:01:07]} 24. Kg2 {[%clk 00:12:59]} {[%emt 00:02:00]} Rh5
{[%clk 00:27:07]} {[%emt 00:00:22]} 25. Nc2 {[%clk 00:13:06]} {[%emt 00:00:23]}
Rch8 {[%clk 00:23:40]} {[%emt 00:03:56]} 26. Rh1 {[%clk 00:12:39]} {[%emt
00:00:58]} Rf5 {[%clk 00:19:37]} {[%emt 00:04:33]} 27. Qe2 {[%clk 00:12:05]}
{[%emt 00:01:03]} Nh5 {[%clk 00:19:40]} {[%emt 00:00:27]} 28. Ne1 {[%clk
00:06:02]} {[%emt 00:06:34]} Nf4+ {[%clk 00:14:47]} {[%emt 00:05:23]} 29. Bxf4
{[%clk 00:06:19]} {[%emt 00:00:13]} Rxf4 {[%clk 00:15:11]} {[%emt 00:00:05]} 30.
Nd3 {[%clk 00:05:02]} {[%emt 00:01:47]} Rfh4 {[%clk 00:14:00]} {[%emt
00:01:41]} 31. Qe3 {[%clk 00:04:32]} {[%emt 00:01:01]} Qf5 {[%clk 00:14:07]}
{[%emt 00:00:21]} 32. f3 {[%clk 00:01:05]} {[%emt 00:03:59]} Rxh3 {[%clk
00:14:15]} {[%emt 00:00:21]} 33. Nf2 {[%clk 00:01:33]} {[%emt 00:00:03]} R3h4
{[%clk 00:09:58]} {[%emt 00:04:46]} 34. Rxh4 {[%clk 00:01:03]} {[%emt
00:01:00]} Rxh4 {[%clk 00:10:01]} {[%emt 00:00:26]} 35. Rh1 {[%clk 00:01:17]}
{[%emt 00:00:17]} Qc2 {[%clk 00:07:43]} {[%emt 00:02:48]} 36. Rc1 {[%clk
00:00:46]} {[%emt 00:01:01]} Qb2 {[%clk 00:07:55]} {[%emt 00:00:18]} 37. Re1
{[%clk 00:00:42]} {[%emt 00:00:34]} Rh5 {[%clk 00:06:43]} {[%emt 00:01:42]} 38.
Re2 {[%clk 00:01:05]} {[%emt 00:00:09]} Qb1 {[%clk 00:07:06]} {[%emt 00:00:05]}
39. Re1 {[%clk 00:01:21]} {[%emt 00:00:14]} Qc2 {[%clk 00:06:43]} {[%emt
00:00:54]} 40. Re2 {[%clk 00:01:28]} {[%emt 00:00:22]} Qf5 {[%clk 00:37:03]}
{[%emt 00:30:55]} 41. b4 {[%clk 00:13:34]} Rg5+ {[%clk 00:36:16]} 42. Ng4
{[%clk 00:12:45]} Qd7 {[%clk 00:26:57]} {[%emt 00:07:46]} 43. Kf1 {[%clk
00:07:44]} {[%emt 00:00:03]} Qxa4 {[%clk 00:25:18]} {[%emt 00:00:04]} 44. c5
{[%clk 00:05:59]} {[%emt 00:02:06]} Qxb4 {[%clk 00:24:00]} {[%emt 00:01:47]} 45.
cxd6 {[%clk 00:06:22]} {[%emt 00:00:08]} Qxd6 {[%clk 00:24:00]} {[%emt
00:00:29]} 46. Qe4 {[%clk 00:01:05]} {[%emt 00:05:48]} Bd8 {[%clk 00:19:04]}
{[%emt 00:05:25]} 47. Nxe5 {[%clk 00:00:34]} {[%emt 00:01:01]} Bb6 {[%clk
00:19:16]} {[%emt 00:00:17]} 48. Rg2 {[%clk 00:00:36]} {[%emt 00:00:29]} Rxe5
{[%clk 00:19:28]} {[%emt 00:00:18]} 0-1

[Event "TIPC 2019 Groupe A"]
[Site ""]
[Date "2019.07.28"]
[Round "2.27"]
[White "Callier, Christophe"]
[Black "Hafner, Christian"]
[Result "0-1"]
[WhiteElo "1986"]
[BlackElo "2071"]

1. e4 {[%clk 01:29:58]} {[%emt 00:01:06]} c5 {[%clk 01:30:46]} {[%emt
00:00:03]} 2. Nf3 {[%clk 01:30:27]} d6 {[%clk 01:31:07]} {[%emt 00:00:10]} 3.
d4 {[%clk 01:30:55]} cxd4 {[%clk 01:31:29]} {[%emt 00:00:17]} 4. Nxd4 {[%clk
01:31:22]} Nf6 {[%clk 01:31:52]} {[%emt 00:00:09]} 5. Nc3 {[%clk 01:31:49]} g6
{[%clk 01:32:15]} {[%emt 00:00:10]} 6. Bc4 {[%clk 01:31:58]} {[%emt 00:00:15]}
Bg7 {[%clk 01:32:31]} {[%emt 00:00:14]} 7. f3 {[%clk 01:32:23]} {[%emt
00:00:05]} O-O {[%clk 01:32:47]} {[%emt 00:00:13]} 8. Be3 {[%clk 01:32:50]}
{[%emt 00:00:10]} Nc6 {[%clk 01:33:09]} 9. Qd2 {[%clk 01:33:11]} {[%emt
00:00:14]} Bd7 {[%clk 01:33:26]} {[%emt 00:00:22]} 10. O-O-O {[%clk 01:33:34]}
Rb8 {[%clk 01:33:27]} {[%emt 00:00:26]} 11. Bb3 {[%clk 01:33:15]} {[%emt
00:02:04]} Na5 {[%clk 01:33:25]} 12. Bh6 {[%clk 01:30:25]} {[%emt 00:04:07]}
Nxb3+ {[%clk 01:31:47]} {[%emt 00:01:41]} 13. axb3 {[%clk 01:29:40]} {[%emt
00:01:03]} Bxh6 {[%clk 01:26:43]} {[%emt 00:05:17]} 14. Qxh6 {[%clk 01:28:17]}
{[%emt 00:01:16]} e5 {[%clk 01:19:48]} {[%emt 00:10:07]} 15. Nde2 {[%clk
01:28:33]} Qc7 {[%clk 01:19:42]} 16. h4 {[%clk 01:28:29]} b5 {[%clk 01:09:33]}
{[%emt 00:11:57]} 17. h5 {[%clk 01:27:36]} {[%emt 00:00:04]} Be6 {[%clk
01:07:02]} {[%emt 00:01:41]} 18. g4 {[%clk 01:24:11]} {[%emt 00:03:56]} Bxb3
{[%clk 00:54:13]} {[%emt 00:13:19]} 19. cxb3 {[%clk 01:16:11]} {[%emt
00:08:31]} b4 {[%clk 00:54:18]} {[%emt 00:00:24]} 20. Ng3 {[%clk 01:15:19]}
{[%emt 00:01:23]} bxc3 {[%clk 00:51:34]} {[%emt 00:03:14]} 21. Nf5 {[%clk
01:14:57]} {[%emt 00:00:52]} cxb2+ {[%clk 00:51:32]} {[%emt 00:00:32]} 22. Kb1
{[%clk 01:14:39]} {[%emt 00:00:49]} Ne8 {[%clk 00:48:51]} {[%emt 00:03:11]} 23.
Qg5 {[%clk 00:39:17]} {[%emt 00:35:51]} f6 {[%clk 00:42:37]} {[%emt 00:34:42]}
24. Nh6+ {[%clk 00:37:18]} Kh8 {[%clk 00:41:35]} 25. Qd2 {[%clk 00:36:39]} g5
{[%clk 00:40:40]} 26. Kxb2 {[%clk 00:33:59]} Qb6 {[%clk 00:36:01]} 27. Qd5
{[%clk 00:32:27]} Nc7 {[%clk 00:26:02]} 28. Qc4 {[%clk 00:28:26]} {[%emt
00:05:16]} Qf2+ {[%clk 00:20:00]} {[%emt 00:08:31]} 29. Ka1 {[%clk 00:27:52]}
Nb5 {[%clk 00:17:46]} {[%emt 00:00:47]} 30. Rd3 {[%clk 00:19:54]} {[%emt
00:52:05]} Rb6 {[%clk 00:15:59]} 31. Qa4 {[%clk 00:16:43]} Qc2 {[%clk
00:13:33]} 32. Rhd1 {[%clk 00:14:41]} Nc3 {[%clk 00:10:49]} 33. Rxc3 {[%clk
00:14:47]} Qxc3+ {[%clk 00:10:54]} 0-1

[Event "TIPC 2019 Groupe A"]
[Site ""]
[Date "2019.07.28"]
[Round "2.14"]
[White "Ramacker, Quinten"]
[Black "Hoffmeister, Frank"]
[Result "0-1"]
[WhiteElo "2006"]
[BlackElo "2187"]

1. e4 {[%clk 01:30:13]} {[%emt 00:00:47]} e6 {[%clk 01:30:55]} {[%emt
00:00:06]} 2. d4 {[%clk 01:30:30]} {[%emt 00:00:12]} d5 {[%clk 01:31:20]}
{[%emt 00:00:05]} 3. Bd3 {[%clk 01:28:39]} {[%emt 00:02:20]} dxe4 {[%clk
01:22:29]} {[%emt 00:09:22]} 4. Bxe4 {[%clk 01:28:56]} {[%emt 00:00:12]} Nf6
{[%clk 01:22:55]} {[%emt 00:00:04]} 5. Bf3 {[%clk 01:29:17]} {[%emt 00:00:10]}
Nc6 {[%clk 01:22:59]} {[%emt 00:00:26]} 6. Be3 {[%emt 00:09:42]} Bd6 {[%clk
01:18:11]} 7. Nc3 {[%clk 01:24:05]} {[%emt 00:05:46]} O-O {[%clk 01:16:33]} 8.
Nge2 {[%clk 01:21:12]} {[%emt 00:01:31]} e5 {[%clk 01:14:06]} {[%emt 01:21:16]}
9. O-O {[%clk 01:13:53]} Bg4 {[%clk 00:56:21]} 10. d5 {[%clk 01:02:13]} Bxf3
{[%clk 00:54:25]} 11. gxf3 {[%clk 01:01:42]} Ne7 {[%clk 00:54:50]} 12. Bg5
{[%clk 01:01:27]} Ng6 {[%clk 00:54:19]} 13. Ng3 {[%clk 00:50:10]} h6 {[%clk
00:51:08]} 14. Be3 {[%clk 00:46:44]} Bb4 {[%clk 00:44:55]} 15. Nge4 {[%clk
00:43:02]} Bxc3 16. Nxc3 {[%clk 00:41:00]} Qd7 {[%clk 00:43:01]} {[%emt
00:00:58]} 17. Ne4 {[%clk 00:37:36]} {[%emt 00:03:56]} Nxd5 {[%clk 00:35:31]}
{[%emt 00:07:58]} 18. c4 {[%clk 00:37:44]} {[%emt 00:00:22]} Qh3 {[%clk
00:33:36]} {[%emt 00:02:25]} 19. Kh1 {[%clk 00:36:30]} {[%emt 00:01:44]} Nh4
{[%clk 00:29:12]} {[%emt 00:04:54]} 20. Rg1 {[%clk 00:36:40]} {[%emt 00:00:21]}
Nxe3 {[%clk 00:26:48]} {[%emt 00:02:54]} 21. fxe3 {[%clk 00:36:39]} {[%emt
00:00:31]} Rad8 {[%clk 00:26:27]} {[%emt 00:00:51]} 22. Qe2 {[%clk 00:36:15]}
{[%emt 00:00:54]} Qxf3+ {[%clk 00:26:49]} {[%emt 00:00:08]} 23. Qxf3 {[%clk
00:36:43]} {[%emt 00:00:02]} Nxf3 {[%clk 00:27:18]} {[%emt 00:00:01]} 24. Rg3
{[%clk 00:37:01]} {[%emt 00:00:12]} Nh4 {[%clk 00:25:24]} {[%emt 00:02:21]} 25.
Rag1 {[%clk 00:36:12]} {[%emt 00:01:21]} g6 {[%clk 00:22:45]} {[%emt 00:03:09]}
26. Nf6+ {[%clk 00:30:52]} {[%emt 00:05:51]} Kg7 {[%clk 00:21:58]} {[%emt
00:01:16]} 27. Nh5+ {[%clk 00:30:16]} {[%emt 00:01:07]} Kh7 {[%clk 00:21:18]}
{[%emt 00:01:10]} 28. Nf6+ {[%clk 00:30:30]} {[%emt 00:00:16]} Kg7 {[%clk
00:21:43]} {[%emt 00:00:04]} 29. Nh5+ {[%clk 00:30:55]} {[%emt 00:00:06]} Kh8
{[%clk 00:21:51]} {[%emt 00:00:23]} 30. Rh3 {[%clk 00:30:11]} {[%emt 00:01:14]}
g5 {[%clk 00:20:15]} {[%emt 00:02:05]} 31. Nf6 {[%clk 00:29:56]} {[%emt
00:00:46]} Rd6 {[%clk 00:18:59]} {[%emt 00:01:46]} 32. Ng4 {[%clk 00:28:09]}
{[%emt 00:02:16]} e4 {[%clk 00:16:29]} {[%emt 00:03:00]} 33. c5 {[%clk
00:26:31]} {[%emt 00:02:09]} Re6 {[%clk 00:15:57]} {[%emt 00:01:01]} 34. Rd1
{[%clk 00:26:43]} {[%emt 00:00:17]} f5 {[%clk 00:15:43]} {[%emt 00:00:45]} 35.
Nf2 {[%clk 00:27:00]} {[%emt 00:00:14]} Rf7 {[%clk 00:15:09]} {[%emt 00:01:04]}
36. Rd8+ {[%clk 00:26:30]} {[%emt 00:01:01]} Kg7 {[%clk 00:15:37]} {[%emt
00:00:01]} 37. Nd1 {[%clk 00:26:53]} {[%emt 00:00:07]} Ree7 {[%clk 00:15:44]}
{[%emt 00:00:23]} 38. Nc3 {[%clk 00:27:10]} {[%emt 00:00:13]} Rd7 {[%clk
00:15:38]} {[%emt 00:00:36]} 39. Ra8 {[%clk 00:27:38]} {[%emt 00:00:02]} Rd2
{[%clk 00:14:58]} {[%emt 00:01:10]} 40. Rxa7 {[%clk 00:27:56]} {[%emt
00:00:13]} Rxb2 {[%clk 00:15:09]} {[%emt 00:00:17]} 41. Rg3 {[%clk 00:28:17]}
{[%emt 00:00:09]} Rc2 {[%clk 00:13:55]} {[%emt 00:01:44]} 42. Ra3 {[%clk
00:28:22]} {[%emt 00:00:25]} Nf3 {[%clk 00:14:02]} {[%emt 00:00:23]} 0-1

[Event "TIPC 2019 Groupe A"]
[Site ""]
[Date "2019.07.28"]
[Round "2.1"]
[White "Gurevich, Mikhail"]
[Black "Manafov, Vugar"]
[Result "1-0"]
[WhiteTitle "GM"]
[BlackTitle "FM"]
[WhiteElo "2587"]
[BlackElo "2175"]

1. c4 {[%clk 01:30:39]} {[%emt 00:00:20]} Nf6 {[%clk 01:28:30]} {[%emt
00:02:26]} 2. Nf3 {[%clk 01:30:19]} {[%emt 00:00:54]} e6 {[%clk 01:28:54]}
{[%emt 00:00:07]} 3. g3 {[%clk 01:30:42]} {[%emt 00:00:07]} d5 {[%clk
01:29:13]} {[%emt 00:00:11]} 4. Bg2 {[%clk 01:31:07]} {[%emt 00:00:05]} Nbd7
{[%clk 01:29:28]} {[%emt 00:00:15]} 5. b3 {[%clk 01:30:29]} {[%emt 00:01:08]}
Be7 {[%clk 01:29:33]} {[%emt 00:00:26]} 6. O-O {[%clk 01:30:24]} {[%emt
00:00:34]} O-O {[%clk 01:29:32]} {[%emt 00:00:31]} 7. Bb2 {[%clk 01:30:30]}
{[%emt 00:00:24]} a5 {[%clk 01:28:28]} {[%emt 00:01:34]} 8. d4 {[%clk
01:25:28]} {[%emt 00:05:32]} a4 {[%clk 01:25:32]} {[%emt 00:03:26]} 9. c5
{[%clk 01:25:53]} {[%emt 00:00:05]} Ne4 {[%clk 01:23:22]} {[%emt 00:02:42]} 10.
b4 {[%clk 01:25:10]} {[%emt 00:02:37]} c6 {[%clk 01:22:58]} {[%emt 00:00:07]}
11. a3 {[%clk 01:23:57]} {[%emt 00:01:04]} b6 {[%clk 01:20:19]} {[%emt
00:04:38]} 12. Nc3 {[%clk 01:16:18]} {[%emt 00:06:40]} bxc5 {[%clk 01:16:16]}
{[%emt 00:06:38]} 13. dxc5 {[%clk 01:14:05]} {[%emt 00:00:38]} Nxc3 {[%clk
01:15:15]} {[%emt 00:01:31]} 14. Bxc3 {[%clk 01:14:30]} {[%emt 00:00:05]} Bf6
{[%clk 01:15:13]} {[%emt 00:00:32]} 15. Nd4 {[%clk 01:08:59]} {[%emt 00:05:59]}
Bxd4 {[%clk 01:14:11]} {[%emt 00:01:33]} 16. Qxd4 {[%clk 01:05:36]} {[%emt
00:03:53]} e5 {[%clk 01:13:53]} {[%emt 00:00:49]} 17. Qd2 {[%clk 01:05:56]}
{[%emt 00:00:10]} Ba6 {[%clk 01:12:50]} {[%emt 00:01:34]} 18. f4 {[%clk
00:52:40]} {[%emt 00:13:45]} Qe7 {[%clk 01:10:42]} {[%emt 00:02:39]} 19. fxe5
{[%clk 00:42:11]} {[%emt 00:10:59]} Nxe5 {[%clk 01:10:19]} {[%emt 00:00:53]} 20.
Qd4 {[%clk 00:42:34]} {[%emt 00:00:06]} Rae8 {[%clk 01:07:56]} {[%emt
00:02:52]} 21. Rf5 {[%clk 00:35:02]} {[%emt 00:08:01]} f6 {[%clk 01:08:11]}
{[%emt 00:00:16]} 22. e4 {[%clk 00:35:28]} {[%emt 00:00:04]} dxe4 {[%clk
01:04:46]} {[%emt 00:03:55]} 23. Bxe4 {[%clk 00:35:52]} {[%emt 00:00:06]} Kh8
{[%clk 00:59:32]} {[%emt 00:05:44]} 24. Re1 {[%clk 00:31:10]} {[%emt 00:05:12]}
Qf7 {[%clk 00:57:44]} {[%emt 00:02:18]} 25. Qd2 {[%clk 00:21:35]} {[%emt
00:10:05]} Nd3 {[%clk 00:50:53]} {[%emt 00:07:22]} 26. Re3 {[%clk 00:20:03]}
{[%emt 00:02:01]} Rxe4 {[%clk 00:50:58]} {[%emt 00:00:25]} 27. Rxe4 {[%clk
00:20:21]} {[%emt 00:00:12]} Qg6 {[%clk 00:51:24]} {[%emt 00:00:04]} 28. g4
{[%clk 00:20:45]} {[%emt 00:00:06]} Bc8 {[%clk 00:51:49]} {[%emt 00:00:05]} 29.
Kh1 {[%clk 00:18:12]} {[%emt 00:03:02]} Rd8 {[%clk 00:49:43]} {[%emt 00:02:37]}
30. Rff4 {[%clk 00:16:55]} {[%emt 00:01:46]} Rd5 {[%clk 00:48:53]} {[%emt
00:01:21]} 31. Qe2 {[%clk 00:09:38]} {[%emt 00:07:46]} h6 {[%clk 00:48:20]}
{[%emt 00:01:05]} 32. Rf1 {[%clk 00:05:54]} {[%emt 00:04:13]} Ba6 {[%clk
00:47:49]} {[%emt 00:01:01]} 33. Re8+ {[%clk 00:05:54]} {[%emt 00:00:30]} Kh7
{[%clk 00:48:17]} {[%emt 00:00:02]} 34. Qe6 {[%clk 00:06:05]} {[%emt 00:00:18]}
h5 {[%clk 00:45:53]} {[%emt 00:02:55]} 35. Qg8+ {[%clk 00:05:48]} {[%emt
00:00:45]} Kh6 {[%clk 00:46:22]} {[%emt 00:00:02]} 36. Bd2+ {[%clk 00:06:06]}
{[%emt 00:00:12]} Rd7 {[%emt 00:00:34]} 1-0

[Event "TIPC 2019 Groupe A"]
[Site ""]
[Date "2019.07.28"]
[Round "2.24"]
[White "Dauw, Sterre"]
[Black "Philippe, Denis-Emmanuel"]
[Result "1-0"]
[WhiteElo "2148"]
[BlackElo "2015"]

1. e4 {[%clk 01:28:21]} {[%emt 00:06:14]} c6 {[%clk 01:30:56]} 2. d4 {[%clk
01:28:47]} d5 {[%clk 01:31:22]} 3. Nc3 {[%clk 01:29:12]} dxe4 {[%clk 01:31:41]}
4. Nxe4 {[%clk 01:29:32]} Nd7 {[%clk 01:32:04]} 5. Nf3 {[%clk 01:28:51]} Ngf6
{[%clk 01:32:03]} 6. Nxf6+ {[%clk 01:29:10]} Nxf6 {[%clk 01:31:58]} 7. Be2
{[%clk 01:28:54]} Bg4 {[%clk 01:30:53]} {[%emt 00:08:15]} 8. O-O {[%clk
01:29:14]} e6 {[%clk 01:31:08]} 9. c4 {[%clk 01:28:48]} Be7 {[%clk 01:24:35]}
{[%emt 00:02:01]} 10. b3 {[%clk 01:27:32]} {[%emt 00:02:35]} O-O {[%clk
01:23:38]} {[%emt 00:00:22]} 11. Bb2 {[%clk 01:27:57]} {[%emt 00:03:12]} a5
{[%emt 00:19:09]} 12. h3 {[%clk 01:22:36]} Bh5 {[%clk 01:22:18]} 13. Ne5 {[%clk
01:17:51]} Bxe2 {[%clk 01:22:10]} 14. Qxe2 a4 {[%clk 01:20:49]} 15. Bc3 {[%clk
01:07:08]} {[%emt 00:05:21]} axb3 {[%clk 01:11:11]} {[%emt 00:10:09]} 16. axb3
{[%clk 01:06:51]} {[%emt 00:00:46]} Qc7 {[%clk 01:03:19]} {[%emt 00:08:22]} 17.
Rfe1 {[%clk 00:55:48]} {[%emt 00:11:33]} Rfd8 {[%clk 00:52:14]} {[%emt
00:11:35]} 18. Ra2 {[%clk 00:54:05]} {[%emt 00:02:12]} c5 {[%clk 00:44:44]}
{[%emt 00:08:01]} 19. dxc5 {[%clk 00:52:41]} {[%emt 00:01:54]} Rxa2 {[%clk
00:41:52]} {[%emt 00:03:22]} 20. Qxa2 {[%clk 00:51:59]} {[%emt 00:01:11]} Bxc5
{[%clk 00:41:55]} {[%emt 00:00:28]} 1-0

[Event "TIPC 2019 Groupe A"]
[Site ""]
[Date "2019.07.28"]
[Round "2.11"]
[White "Miulescu, Gabriel"]
[Black "Faybish, Nimrod"]
[Result "0-1"]
[WhiteTitle "IM"]
[WhiteElo "2020"]
[BlackElo "2220"]

1. e4 {[%clk 01:30:30]} {[%emt 00:56:49]} c5 {[%clk 01:30:55]} {[%emt
00:00:06]} 2. Nf3 {[%clk 01:31:17]} {[%emt 00:00:13]} d6 {[%clk 01:31:16]}
{[%emt 00:00:09]} 3. d4 {[%clk 01:31:42]} {[%emt 00:00:05]} cxd4 {[%clk
01:31:34]} {[%emt 00:00:12]} 4. Nxd4 {[%clk 01:32:06]} {[%emt 00:00:05]} Nf6
{[%clk 01:31:58]} {[%emt 00:00:06]} 5. Nc3 {[%clk 01:32:21]} {[%emt 00:00:15]}
a6 {[%clk 01:32:23]} {[%emt 00:00:06]} 6. Be3 {[%clk 01:32:06]} {[%emt
00:00:45]} e5 {[%clk 01:32:39]} {[%emt 00:00:14]} 7. Nb3 {[%clk 01:32:23]}
{[%emt 00:00:13]} Be6 {[%clk 01:32:59]} {[%emt 00:00:09]} 8. f3 {[%clk
01:32:38]} {[%emt 00:00:15]} h5 {[%clk 01:33:12]} {[%emt 00:00:18]} 9. Qd2
{[%clk 01:31:57]} {[%emt 00:01:10]} Nbd7 {[%clk 01:33:12]} {[%emt 00:00:30]} 10.
O-O-O {[%clk 01:24:05]} {[%emt 00:08:22]} Be7 {[%clk 01:33:05]} {[%emt
00:00:38]} 11. Kb1 {[%clk 01:24:02]} {[%emt 00:00:32]} Rc8 {[%clk 01:33:31]}
{[%emt 00:08:52]} 12. h3 {[%emt 00:05:46]} b5 {[%clk 01:30:23]} {[%emt
00:00:10]} 13. f4 {[%emt 01:22:38]} Qc7 {[%clk 01:02:20]} 14. Bd3 {[%clk
01:01:32]} b4 {[%clk 00:56:16]} 15. Ne2 {[%clk 00:58:35]} a5 {[%clk 00:39:43]}
16. f5 {[%clk 00:54:50]} Bc4 17. g4 {[%clk 00:38:50]} {[%emt 00:08:26]} a4
{[%clk 00:36:35]} {[%emt 00:02:20]} 18. Nbc1 {[%clk 00:37:52]} {[%emt
00:01:28]} hxg4 {[%clk 00:27:08]} {[%emt 00:09:58]} 19. hxg4 {[%clk 00:38:06]}
{[%emt 00:00:15]} Rxh1 {[%clk 00:27:35]} {[%emt 00:00:03]} 20. Rxh1 {[%clk
00:38:29]} {[%emt 00:00:07]} Nxg4 {[%clk 00:27:52]} {[%emt 00:00:13]} 21. Rh8+
{[%clk 00:33:10]} {[%emt 00:05:48]} Nf8 {[%clk 00:28:15]} {[%emt 00:00:08]} 22.
Bg1 {[%clk 00:30:23]} {[%emt 00:03:17]} Bg5 {[%clk 00:09:43]} {[%emt 00:19:02]}
23. Qd1 {[%clk 00:18:55]} {[%emt 00:11:58]} Nf6 {[%clk 00:10:10]} {[%emt
00:00:03]} 24. Rh2 {[%clk 00:15:16]} {[%emt 00:04:08]} Ke7 {[%clk 00:10:14]}
{[%emt 00:00:27]} 25. Rg2 {[%clk 00:12:47]} {[%emt 00:02:59]} Bh6 {[%clk
00:10:32]} {[%emt 00:00:12]} 26. Ng3 {[%clk 00:06:50]} {[%emt 00:06:26]} N8d7
{[%clk 00:10:45]} {[%emt 00:00:18]} 27. Bxc4 {[%clk 00:04:24]} {[%emt
00:02:56]} Qxc4 {[%clk 00:11:01]} {[%emt 00:00:14]} 28. Qd3 {[%clk 00:04:26]}
{[%emt 00:00:27]} Bxc1 {[%clk 00:06:34]} {[%emt 00:04:58]} 29. Qxc4 {[%clk
00:04:48]} {[%emt 00:00:07]} Rxc4 {[%clk 00:07:00]} {[%emt 00:00:04]} 30. Kxc1
{[%clk 00:05:04]} {[%emt 00:00:15]} b3 {[%clk 00:07:08]} {[%emt 00:00:22]} 31.
axb3 {[%clk 00:04:54]} {[%emt 00:00:39]} axb3 {[%clk 00:07:34]} {[%emt
00:00:05]} 32. Kd1 {[%clk 00:03:44]} {[%emt 00:01:39]} Nxe4 {[%clk 00:04:55]}
{[%emt 00:03:10]} 33. cxb3 {[%clk 00:03:47]} {[%emt 00:00:27]} Rb4 {[%clk
00:05:21]} {[%emt 00:00:05]} 34. Nh5 {[%clk 00:03:44]} {[%emt 00:00:32]} Rxb3
{[%clk 00:04:58]} {[%emt 00:00:53]} 35. Nxg7 {[%clk 00:02:28]} {[%emt
00:01:45]} Rg3 {[%clk 00:03:20]} {[%emt 00:02:08]} 36. f6+ {[%clk 00:02:44]}
{[%emt 00:00:14]} Kd8 {[%clk 00:03:05]} {[%emt 00:00:45]} 37. Rxg3 {[%clk
00:02:35]} {[%emt 00:00:40]} Nxg3 {[%clk 00:03:32]} {[%emt 00:00:03]} 38. Bf2
{[%clk 00:01:41]} {[%emt 00:01:23]} Ne4 {[%clk 00:03:43]} {[%emt 00:00:18]} 39.
Bh4 {[%emt 00:29:33]} Nexf6 {[%clk 00:01:53]} 40. Nh5 {[%clk 00:02:30]} Ke7
{[%clk 00:02:21]} 41. b4 {[%clk 00:02:40]} Ke6 {[%clk 00:02:17]} 42. Ng7+
{[%clk 00:01:00]} Kd5 {[%clk 00:02:01]} 43. Nf5 {[%clk 00:29:58]} Ne8 {[%clk
00:23:47]} 44. Kd2 {[%clk 00:27:57]} Ke4 {[%clk 00:23:10]} 45. Ne7 d5 {[%clk
00:21:25]} 46. Kc3 {[%clk 00:19:14]} {[%emt 00:02:43]} Nd6 {[%emt 00:05:04]} 47.
Bf2 {[%clk 00:16:25]} {[%emt 00:00:03]} d4+ {[%clk 00:19:55]} {[%emt 00:00:41]}
48. Kb3 {[%clk 00:15:24]} {[%emt 00:01:31]} Nb6 {[%clk 00:14:07]} {[%emt
00:06:18]} 49. Nc6 {[%clk 00:11:48]} {[%emt 00:04:06]} f5 {[%clk 00:14:25]}
{[%emt 00:00:12]} 50. Bh4 {[%clk 00:08:08]} {[%emt 00:04:10]} f4 {[%clk
00:13:08]} {[%emt 00:01:48]} 51. Kc2 {[%clk 00:06:19]} {[%emt 00:02:18]} Nbc4
{[%clk 00:12:42]} {[%emt 00:00:56]} 52. Bf2 {[%clk 00:05:29]} {[%emt 00:01:19]}
Nb5 {[%clk 00:12:23]} {[%emt 00:00:49]} 53. Kb3 {[%emt 00:03:54]} d3 {[%clk
00:08:48]} {[%emt 00:01:06]} 54. Na5 {[%clk 00:03:00]} {[%emt 00:02:35]} d2
{[%clk 00:07:14]} {[%emt 00:02:05]} 55. Kc2 {[%clk 00:03:18]} {[%emt 00:00:11]}
Nc3 {[%clk 00:07:18]} {[%emt 00:00:26]} 0-1

[Event "TIPC 2019 Groupe A"]
[Site ""]
[Date "2019.07.28"]
[Round "2.16"]
[White "Barbier, Astrid"]
[Black "Van Malder, Dries"]
[Result "1/2-1/2"]
[WhiteElo "1941"]
[BlackElo "2178"]

1. e4 c5 2. Nc3 Nc6 3. Bb5 g6 4. Bxc6 dxc6 5. d3 Bg7 6. Nf3 Nf6 7. O-O O-O 8.
h3 Ne8 9. Be3 b6 10. Qd2 e5 11. Ne2 Nc7 12. Bh6 Qd6 13. Ng3 Ne6 14. Bxg7 Kxg7
15. Qc3 f6 16. Nh4 Nf4 17. Rfe1 Be6 18. Ne2 Nxe2+ 19. Rxe2 Rad8 20. Nf3 Rf7 21.
b3 g5 22. Re3 Kh8 23. Kh2 Rg8 24. g3 Qd7 25. h4 h6 26. Rh1 Qd6 27. Kg2 Kg7 28.
Ree1 Bg4 29. Nh2 Bc8 30. Nf3 Qe6 31. Nd2 Qd7 32. Nc4 Qd4 33. Qd2 b5 34. Ne3 g4
1/2-1/2